[Event "Buenos Aires Duchamp Memorial op 4th"]
[Site "Buenos Aires"]
[Date "2012.10.24"]
[Round "3"]
[White "Aguirre, Ayrton"]
[Black "Poppi, Mario"]
[Result "1-0"]
[WhiteElo "1669"]
[BlackElo "1382"]
[PlyCount "43"]
[EventDate "2012.10.22"]
[EventType "swiss"]
[EventRounds "9"]
[EventCountry "ARG"]
[SourceTitle "EXT 2013"]
[Source "ChessBase"]
[SourceDate "2012.11.22"]
[SourceVersion "1"]
[SourceVersionDate "2012.11.22"]
[SourceQuality "1"]

1. e4 b6 2. d4 Bb7 3. Nc3 Nf6 4. Bd3 e6 5. Nge2 Be7 6. f3 0-0 7. Be3 d5 8. e5 Nfd7 9. 0-0 Kh8 10. f4 Re8 11. Ng3 g6 12. Qg4 f5 13. exf6 Nxf6 14. Qf3 c5 15. Rae1 c4 16. Bxc4 dxc4 17. Qxb7 Nbd7 18. Qc6 Rc8 19. Qxe6 Nf8 20. Qh3 N8d7 21. Nge4 a6 22. Ng5 1-0